000 01082nam a22003137a 4500
003 AR-FvUNAJ
005 20250219175011.0
008 250219b ||||| |||| 00| 0 spa d
020 _a968-16-7078-7
040 _cAR-FvUNAJ
082 1 4 _214
_a330.9
100 1 _97901
_aPolanyi, Karl
245 1 3 _aLa gran transformación :
_blos orígenes políticos y económicos de nuestro tiempo /
_cKarl Polanyi
260 _aBuenos Aires :
_bFondo de Cultura Económica,
_c2003
300 _a399 p.
440 _97902
_aClásicos de Economía
650 2 7 _2unescot
_9555
_aHISTORIA ECONOMICA
650 2 7 _2unescot
_94470
_aSISTEMA ECONÓMICO
650 2 7 _2unescot
_91817
_aECONOMIA POLITICA
650 2 7 _2unescot
_91272
_aECONOMIA DE MERCADO
650 2 4 _95979
_aSOCIEDADES COMERCIALES
650 2 7 _2unescot
_9364
_aPRODUCCION
650 2 4 _91266
_aSOCIEDAD
650 2 4 _97903
_aGOBIERNO POPULAR
650 2 7 _2unescot
_9532
_aCAMBIO SOCIAL
650 2 4 _97904
_aSISTEMA ASISTENCIAL SPEENHAMLAND
942 _2ddc
_cLIBRO
980 _619226
_a Palazón Marcela I.
_819226
_g Palazón Marcela I.
999 _c10711
_d10711